[Event "20. Open d'escacs de Sants 2018"]
[Site "Barcelona ESP"]
[Date "2018.08.23"]
[Round "7.3"]
[White "ILLESCAS CORDOBA, Miguel"]
[Black "GUERRA MENDEZ, Jose Angel"]
[Result "1-0"]
[WhiteElo "2605"]
[BlackElo "2550"]
[PlyCount "115"]
[EventDate "2018.08.17"]
[EventType "swiss"]
[EventRounds "10"]
[EventCountry "ESP"]
[SourceTitle "Ajedrez en Madrid"]
[Source "lmi"]
[SourceDate "2018.08.17"]
[SourceVersion "1"]
[SourceVersionDate "2019.07.10"]
[SourceQuality "1"]

1. c4 e5 2. Nc3 Nc6 3. e3 Nf6 4. Nf3 Be7 5. Qb3 O-O 6. Be2 b6 7. O-O Bb7 8. d3
Re8 9. Bd2 Bf8 10. Nd5 Nxd5 11. cxd5 Ne7 12. Nxe5 Bxd5 13. Qc2 d6 14. Nf3 c5
15. Bc3 Ng6 16. Rfe1 Rc8 17. Qd2 Be7 18. d4 Nh4 19. Qd1 Nxf3+ 20. Bxf3 Bxf3 21.
Qxf3 Bf6 22. Red1 cxd4 23. Bxd4 Rc2 24. Bxf6 Qxf6 25. Qxf6 gxf6 26. Rxd6 Kg7
27. b4 Rec8 28. g3 Rb2 29. Rd4 Rcc2 30. Rg4+ Kf8 31. Rf4 Rxa2 32. Rd1 Rd2 33.
Rxd2 Rxd2 34. Rxf6 Ra2 35. Rc6 Ke7 36. Rc7+ Ke6 37. Kg2 b5 38. Kf3 Ra4 39. h4
Kf6 40. e4 a6 41. Kf4 Rxb4 42. Rc6+ Kg7 43. Rxa6 Rb2 44. f3 b4 45. Rb6 b3 46.
g4 Rb1 47. h5 h6 48. Kf5 b2 49. f4 Kh7 50. Rb8 Kg7 51. Rb7 Kh8 52. e5 Kg8 53.
e6 fxe6+ 54. Kg6 Kf8 55. g5 hxg5 56. fxg5 e5 57. h6 Rc1 58. Rb8+ 1-0

[Event "20. Open d'escacs de Sants 2018"]
[Site "Barcelona ESP"]
[Date "2018.08.23"]
[Round "7.4"]
[White "ZANAN, Evgeny"]
[Black "PETROV, Nikita"]
[Result "1/2-1/2"]
[WhiteElo "2512"]
[BlackElo "2591"]
[PlyCount "30"]
[EventDate "2018.08.17"]
[EventType "swiss"]
[EventRounds "10"]
[EventCountry "ESP"]
[SourceTitle "Ajedrez en Madrid"]
[Source "lmi"]
[SourceDate "2018.08.17"]
[SourceVersion "1"]
[SourceVersionDate "2019.07.10"]
[SourceQuality "1"]

1. d4 Nf6 2. c4 e6 3. Nc3 Bb4 4. Qc2 d5 5. cxd5 Qxd5 6. e3 c5 7. Bd2 Bxc3 8.
Bxc3 cxd4 9. Bxd4 Nc6 10. Bc3 O-O 11. Nf3 Rd8 12. Be2 Qe4 13. Rc1 Qxc2 14. Rxc2
Nd5 15. Bd2 e5 1/2-1/2

[Event "20. Open d'escacs de Sants 2018"]
[Site "Barcelona ESP"]
[Date "2018.08.23"]
[Round "7.5"]
[White "HEIMANN, Andreas"]
[Black "SVIRIDOV, Valery"]
[Result "1/2-1/2"]
[WhiteElo "2590"]
[BlackElo "2528"]
[PlyCount "83"]
[EventDate "2018.08.17"]
[EventType "swiss"]
[EventRounds "10"]
[EventCountry "ESP"]
[SourceTitle "Ajedrez en Madrid"]
[Source "lmi"]
[SourceDate "2018.08.17"]
[SourceVersion "1"]
[SourceVersionDate "2019.07.10"]
[SourceQuality "1"]

1. Nf3 Nf6 2. c4 g6 3. Nc3 d5 4. cxd5 Nxd5 5. Qc2 Nc6 6. d4 Bg7 7. e4 Ndb4 8.
Qa4 Bd7 9. Qb3 e5 10. d5 Nd4 11. Nxd4 exd4 12. Qxb4 dxc3 13. bxc3 c5 14. dxc6
Bxc6 15. Rb1 Rc8 16. Bb5 Qd7 17. O-O Bxb5 18. Qxb5 Qxb5 19. Rxb5 b6 20. Ba3
Bxc3 21. Rc1 Kd7 22. Rd5+ Ke6 23. f4 Rc6 24. Rcd1 Rhc8 25. g4 a5 26. Rd6+ Rxd6
27. Rxd6+ Ke7 28. Rxb6+ Ke8 29. Rb7 Bd4+ 30. Kf1 Rc2 31. Re7+ Kd8 32. Rxf7 Rxa2
33. Bd6 Rf2+ 34. Ke1 Rxh2 35. e5 Bc3+ 36. Kf1 Bb4 37. Bxb4 axb4 38. Rb7 Rh4 39.
Kf2 Rxg4 40. Kf3 h5 41. Rxb4 g5 42. Ke4 1/2-1/2

[Event "20. Open d'escacs de Sants 2018"]
[Site "Barcelona ESP"]
[Date "2018.08.23"]
[Round "7.6"]
[White "DIERMAIR, Andreas"]
[Black "ESIPENKO, Andrey"]
[Result "1-0"]
[WhiteElo "2501"]
[BlackElo "2589"]
[PlyCount "77"]
[EventDate "2018.08.17"]
[EventType "swiss"]
[EventRounds "10"]
[EventCountry "ESP"]
[SourceTitle "Ajedrez en Madrid"]
[Source "lmi"]
[SourceDate "2018.08.17"]
[SourceVersion "1"]
[SourceVersionDate "2019.07.10"]
[SourceQuality "1"]

1. c4 e5 2. Nc3 Nf6 3. Nf3 Nc6 4. e3 Bb4 5. Qc2 Bxc3 6. bxc3 d6 7. e4 O-O 8. g3
Nd7 9. Nh4 Nc5 10. d3 a6 11. a4 Na5 12. Be3 Qe8 13. Be2 Bd7 14. Bd1 Be6 15. Rb1
Qc6 16. f3 Qe8 17. Rb4 Bd7 18. O-O b6 19. f4 exf4 20. Bxf4 Bh3 21. Re1 f5 22.
e5 Nc6 23. Bf3 dxe5 24. Bd5+ Kh8 25. Rbb1 Rd8 26. Nf3 Qd7 27. Bxe5 Bg4 28. Bf4
Bh5 29. Nd4 Nxd4 30. cxd4 Nxa4 31. Be5 Bf7 32. Bb7 f4 33. Bxa6 fxg3 34. hxg3
Bg6 35. Bb5 Qg4 36. Re3 Rxd4 37. Bxa4 Rxd3 38. Rxd3 Qe4 39. Bxg7+ 1-0

[Event "20. Open d'escacs de Sants 2018"]
[Site "Barcelona ESP"]
[Date "2018.08.23"]
[Round "7.7"]
[White "NEEF, Maximilian"]
[Black "CRUZ, Cristhian"]
[Result "1/2-1/2"]
[WhiteElo "2463"]
[BlackElo "2571"]
[PlyCount "138"]
[EventDate "2018.08.17"]
[EventType "swiss"]
[EventRounds "10"]
[EventCountry "ESP"]
[SourceTitle "Ajedrez en Madrid"]
[Source "lmi"]
[SourceDate "2018.08.17"]
[SourceVersion "1"]
[SourceVersionDate "2019.07.10"]
[SourceQuality "1"]

1. Nf3 g6 2. g3 Bg7 3. d4 d6 4. Bg2 Nd7 5. O-O e5 6. dxe5 dxe5 7. Nbd2 Ne7 8.
e4 O-O 9. b3 b6 10. a4 Nc6 11. Ba3 Re8 12. Re1 Bb7 13. Nc4 Nd4 14. c3 Nxf3+ 15.
Qxf3 Nf6 16. Qe2 a5 17. Qc2 Qc8 18. Rad1 Qe6 19. Ne3 Rad8 20. Rxd8 Rxd8 21. Rd1
Rd7 22. f3 Bf8 23. Bc1 Bc5 24. Bf1 h5 25. Bc4 Qe7 26. h4 Qd8 27. Rxd7 Qxd7 28.
Bf1 Ne8 29. Kh2 Nd6 30. Bh3 Qe7 31. Qd3 f5 32. exf5 e4 33. Nd5 Qe5 34. fxe4
gxf5 35. Nxc7 Bxe4 36. Qd2 Kf7 37. Nb5 Nxb5 38. axb5 Bd6 39. Qe3 Qxb5 40. Qd2
Qe5 41. Qe1 Bd5 42. Qxe5 Bxe5 43. c4 Be4 44. Be3 Bc7 45. Bg2 Bc2 46. c5 b5 47.
Bc6 b4 48. Ba4 Ke6 49. Kg2 Be4+ 50. Kf2 Bd5 51. Bg5 Be5 52. Bd8 Bd4+ 53. Ke2
Bxc5 54. Bxa5 Bd6 55. Kf2 Ke5 56. Ke3 Be4 57. Be8 Bd5 58. Ba4 Bc5+ 59. Kd3 Kd6
60. Kc2 Be4+ 61. Kd2 Bd5 62. Kc2 Ke6 63. Bc7 Be4+ 64. Kd2 Bd5 65. Bf4 Bd4 66.
Kd3 Be5 67. Ke3 Bc3 68. Kd3 Be5 69. Ke3 Bc3 1/2-1/2

[Event "20. Open d'escacs de Sants 2018"]
[Site "Barcelona ESP"]
[Date "2018.08.23"]
[Round "7.8"]
[White "MOUSSARD, Jules"]
[Black "VETOSHKO, Volodymyr"]
[Result "1/2-1/2"]
[WhiteElo "2566"]
[BlackElo "2525"]
[PlyCount "62"]
[EventDate "2018.08.17"]
[EventType "swiss"]
[EventRounds "10"]
[EventCountry "ESP"]
[SourceTitle "Ajedrez en Madrid"]
[Source "lmi"]
[SourceDate "2018.08.17"]
[SourceVersion "1"]
[SourceVersionDate "2019.07.10"]
[SourceQuality "1"]

1. e4 c5 2. Nf3 Nc6 3. Nc3 e6 4. Bb5 Nge7 5. d4 cxd4 6. Nxd4 Nxd4 7. Qxd4 a6 8.
Bd3 Nc6 9. Qe3 g6 10. O-O Bg7 11. Qh3 h5 12. f4 d6 13. Be3 d5 14. Bf2 d4 15.
Ne2 g5 16. Rad1 Bd7 17. e5 gxf4 18. Bh4 Qb6 19. Nxf4 Nxe5 20. Qg3 Ng4 21. Nxh5
Rxh5 22. Qxg4 Qc5 23. Bg6 Rxh4 24. Bxf7+ Kd8 25. Qxh4+ Kc7 26. Qh5 Qd6 27. Qg5
Rh8 28. Qxg7 Qxh2+ 29. Kf2 Qf4+ 30. Kg1 Qh2+ 31. Kf2 Qf4+ 1/2-1/2

[Event "20. Open d'escacs de Sants 2018"]
[Site "Barcelona ESP"]
[Date "2018.08.23"]
[Round "7.9"]
[White "VAIBHAV, Suri"]
[Black "NARCISO DUBLAN, Marc"]
[Result "1-0"]
[WhiteElo "2561"]
[BlackElo "2483"]
[PlyCount "107"]
[EventDate "2018.08.17"]
[EventType "swiss"]
[EventRounds "10"]
[EventCountry "ESP"]
[SourceTitle "Ajedrez en Madrid"]
[Source "lmi"]
[SourceDate "2018.08.17"]
[SourceVersion "1"]
[SourceVersionDate "2019.07.10"]
[SourceQuality "1"]

1. e4 e6 2. d4 d5 3. Nd2 c5 4. exd5 exd5 5. Ngf3 Nf6 6. Bb5+ Bd7 7. Bxd7+ Nbxd7
8. O-O Be7 9. dxc5 Nxc5 10. Re1 O-O 11. Nf1 Re8 12. Be3 a5 13. c3 a4 14. a3 Nb3
15. Rb1 Qd7 16. Qd3 Bc5 17. Rbd1 h6 18. h3 Qc6 19. Bxc5 Nxc5 20. Rxe8+ Rxe8 21.
Qc2 Ncd7 22. Nd4 Qa6 23. Ne3 g6 24. Ne2 Re4 25. Nc1 Qe6 26. Nd3 b5 27. Qd2 h5
28. Nc2 Qe7 29. Nd4 Nc5 30. f3 Nxd3 31. fxe4 dxe4 32. Qg5 Qd6 33. Rf1 Nd7 34.
Qxb5 N7e5 35. Qxa4 Kg7 36. Qa8 e3 37. Qe4 Nxb2 38. Qxe3 Nbc4 39. Qg5 Qxa3 40.
Nf5+ Kg8 41. Ne7+ Kg7 42. Nf5+ Kg8 43. Rd1 Nc6 44. Nh6+ Kg7 45. Rd7 N4e5 46.
Nf5+ Kg8 47. Rc7 Qa8 48. Ne7+ Nxe7 49. Qxe7 Qe4 50. Qe8+ Kg7 51. Rxf7+ Kh6 52.
Qf8+ Kg5 53. Qe7+ Kh6 54. Rh7# 1-0

[Event "20. Open d'escacs de Sants 2018"]
[Site "Barcelona ESP"]
[Date "2018.08.23"]
[Round "7.10"]
[White "CUARTAS, Jaime Alexander"]
[Black "VOLKOV, Sergey"]
[Result "1/2-1/2"]
[WhiteElo "2499"]
[BlackElo "2557"]
[PlyCount "124"]
[EventDate "2018.08.17"]
[EventType "swiss"]
[EventRounds "10"]
[EventCountry "ESP"]
[SourceTitle "Ajedrez en Madrid"]
[Source "lmi"]
[SourceDate "2018.08.17"]
[SourceVersion "1"]
[SourceVersionDate "2019.07.10"]
[SourceQuality "1"]

1. d4 d5 2. c4 c6 3. Nf3 Nf6 4. Nc3 dxc4 5. a4 e6 6. e3 c5 7. Bxc4 Nc6 8. O-O
cxd4 9. exd4 Be7 10. d5 exd5 11. Nxd5 Nxd5 12. Qxd5 Qxd5 13. Bxd5 O-O 14. Bf4
Bf6 15. Bxc6 bxc6 16. Be5 Be7 17. Rac1 c5 18. Rfd1 Be6 19. Bd6 Bxd6 20. Rxd6
Rfd8 21. Rxd8+ Rxd8 22. h3 Rd5 23. Kf1 Kf8 24. Ke2 Ke7 25. Rc3 Kd6 26. Ke1 Kc6
27. Nd2 Rd4 28. b3 g5 29. Kd1 Kd5 30. Kc1 h6 31. Nc4 Kc6 32. Ne3 Rf4 33. f3 Kd6
34. Nc2 h5 35. Kd2 h4 36. Ke3 a6 37. Kd2 Bd5 38. Ke3 f5 39. Ke2 Be6 40. Ke3 a5
41. Kd2 c4 42. b4 axb4 43. Nxb4 Rd4+ 44. Kc1 Kc5 45. Na6+ Kb6 46. Nb4 Rd6 47.
Nc2 f4 48. a5+ Kb5 49. Ra3 Bc8 50. Rc3 Ba6 51. Ra3 Rd7 52. Ne1 Kc5 53. Nc2 Rd6
54. Ne1 Kb5 55. Nc2 Bc8 56. Ra2 Rd7 57. Na3+ Kc5 58. Nxc4 Kxc4 59. Rc2+ Kd4 60.
Rxc8 Ra7 61. Rd8+ Kc4 62. Rc8+ Kd4 1/2-1/2

[Event "20. Open d'escacs de Sants 2018"]
[Site "Barcelona ESP"]
[Date "2018.08.23"]
[Round "7.11"]
[White "PERALTA, Fernando"]
[Black "RAJESH, V A V."]
[Result "1-0"]
[WhiteElo "2556"]
[BlackElo "2325"]
[PlyCount "73"]
[EventDate "2018.08.17"]
[EventType "swiss"]
[EventRounds "10"]
[EventCountry "ESP"]
[SourceTitle "Ajedrez en Madrid"]
[Source "lmi"]
[SourceDate "2018.08.17"]
[SourceVersion "1"]
[SourceVersionDate "2019.07.10"]
[SourceQuality "1"]

1. d4 Nf6 2. c4 g6 3. Nc3 d5 4. cxd5 Nxd5 5. e4 Nxc3 6. bxc3 Bg7 7. Bc4 c5 8.
Ne2 O-O 9. O-O Nc6 10. Be3 Qc7 11. Rc1 b6 12. Qd2 Bb7 13. Bh6 Rad8 14. Bxg7
Kxg7 15. Qe3 Na5 16. Bd3 Qd6 17. f4 f5 18. exf5 gxf5 19. Qe5+ Qxe5 20. fxe5 e6
21. Nf4 Kf7 22. dxc5 bxc5 23. Rb1 Bc6 24. Be2 Rd2 25. Rfd1 Rfd8 26. Rxd2 Rxd2
27. Rb8 Rxa2 28. Rh8 Kg7 29. Rc8 Rc2 30. Nxe6+ Kf7 31. Ng5+ Kg7 32. Ne6+ Kf7
33. Nf4 Rxc3 34. Rc7+ Kg8 35. Nh5 Rc2 36. Nf6+ Kf8 37. e6 1-0

[Event "20. Open d'escacs de Sants 2018"]
[Site "Barcelona ESP"]
[Date "2018.08.23"]
[Round "7.12"]
[White "SVETUSHKIN, Dmitry"]
[Black "GUKESH, D."]
[Result "1-0"]
[WhiteElo "2580"]
[BlackElo "2440"]
[PlyCount "113"]
[EventDate "2018.08.17"]
[EventType "swiss"]
[EventRounds "10"]
[EventCountry "ESP"]
[SourceTitle "Ajedrez en Madrid"]
[Source "lmi"]
[SourceDate "2018.08.17"]
[SourceVersion "1"]
[SourceVersionDate "2019.07.10"]
[SourceQuality "1"]

1. e4 c6 2. d4 d5 3. e5 Bf5 4. Nf3 e6 5. Be2 Ne7 6. c3 Nd7 7. O-O h6 8. Nbd2 c5
9. dxc5 Nxc5 10. Nd4 Nd7 11. f4 Bh7 12. Bh5 Qb6 13. a4 Nc6 14. N2b3 Nc5 15. a5
Qc7 16. Be3 Nxb3 17. Nxe6 Qc8 18. Nxf8 Nxa1 19. Nxh7 Qf5 20. e6 O-O-O 21. Bg4
Qe4 22. exf7+ Kb8 23. Bc5 Qxh7 24. Qxa1 Qg6 25. f8=Q Rhxf8 26. Bxf8 Rxf8 27.
Qd1 Qd6 28. a6 Rxf4 29. Rxf4 Qxf4 30. axb7 Ne5 31. Be2 Qe3+ 32. Kh1 Qc5 33. Ba6
Qc6 34. Qd4 Qxa6 35. Qxe5+ Kxb7 36. Qxd5+ Kc7 37. Qf7+ Kc8 38. Qg8+ Kc7 39.
Qxg7+ Kc8 40. Qg4+ Kc7 41. Qf4+ Kc8 42. Qg4+ Kc7 43. Qd1 Qb5 44. Qc1 h5 45. h3
Qe5 46. Qg1 Kb7 47. Qd4 Qe1+ 48. Kh2 h4 49. Qf4 Kc6 50. Qb8 a5 51. b3 Kd5 52.
Qc7 Ke6 53. c4 Qc3 54. Qc6+ Ke5 55. Qd5+ Kf4 56. Qf3+ Qxf3 57. gxf3 1-0

[Event "20. Open d'escacs de Sants 2018"]
[Site "Barcelona ESP"]
[Date "2018.08.23"]
[Round "7.14"]
[White "VIDAL ZAMORA, Alex"]
[Black "MARTINEZ ALCANTARA, Jose Eduardo"]
[Result "0-1"]
[WhiteElo "2404"]
[BlackElo "2561"]
[PlyCount "118"]
[EventDate "2018.08.17"]
[EventType "swiss"]
[EventRounds "10"]
[EventCountry "ESP"]
[SourceTitle "Ajedrez en Madrid"]
[Source "lmi"]
[SourceDate "2018.08.17"]
[SourceVersion "1"]
[SourceVersionDate "2019.07.10"]
[SourceQuality "1"]

1. d4 Nf6 2. c4 e6 3. Nc3 Bb4 4. e3 O-O 5. Bd3 d5 6. Nf3 c5 7. O-O cxd4 8. exd4
dxc4 9. Bxc4 b6 10. Bg5 Bb7 11. Qe2 Bxc3 12. bxc3 Nbd7 13. Bd3 Qc7 14. c4 Ng4
15. Be4 Bxe4 16. Qxe4 Ngf6 17. Qe2 h6 18. Bxf6 Nxf6 19. Rac1 Rac8 20. Rc2 Qd6
21. Rfc1 Nd7 22. Qe3 Rc6 23. Qb3 Rfc8 24. Qa4 R6c7 25. h3 e5 26. dxe5 Nxe5 27.
Nxe5 Qxe5 28. Qb3 Qe6 29. Rd1 Rxc4 30. Rcd2 Rc1 31. Qxe6 fxe6 32. Rxc1 Rxc1+
33. Kh2 Rc3 34. Rd8+ Kh7 35. a4 Ra3 36. Rd4 Kg6 37. f4 Kf6 38. g4 g5 39. Kg2 a5
40. Rc4 Re3 41. fxg5+ hxg5 42. Rc8 Re4 43. Rb8 Rxa4 44. Rxb6 Rb4 45. Ra6 a4 46.
Ra5 Rb2+ 47. Kg3 Rb3+ 48. Kf2 a3 49. Kg2 e5 50. Ra6+ Kf7 51. Ra7+ Ke6 52. Ra5
Rd3 53. Kh2 Rc3 54. Kg2 Rb3 55. Kh2 e4 56. Kg1 Rxh3 57. Rxg5 e3 58. Ra5 e2 59.
Kf2 Rh1 0-1

[Event "20. Open d'escacs de Sants 2018"]
[Site "Barcelona ESP"]
[Date "2018.08.23"]
[Round "7.27"]
[White "MUNOZ, Miguel"]
[Black "ABDULLA, Murad"]
[Result "1-0"]
[WhiteElo "2476"]
[BlackElo "2329"]
[PlyCount "105"]
[EventDate "2018.08.17"]
[EventType "swiss"]
[EventRounds "10"]
[EventCountry "ESP"]
[SourceTitle "Ajedrez en Madrid"]
[Source "lmi"]
[SourceDate "2018.08.17"]
[SourceVersion "1"]
[SourceVersionDate "2019.07.10"]
[SourceQuality "1"]

1. e4 c5 2. g3 d5 3. exd5 Qxd5 4. Nf3 Bg4 5. Be2 Nc6 6. h3 Bf5 7. d3 Nf6 8. g4
Bg6 9. g5 Nd7 10. Nc3 Qd6 11. Nb5 Qb8 12. Be3 a6 13. Nc3 e6 14. d4 Qd6 15. Qd2
cxd4 16. Nxd4 Nxd4 17. Bxd4 e5 18. Be3 Qxd2+ 19. Bxd2 Bc5 20. O-O-O Bf5 21. f4
O-O-O 22. Bg4 Bxg4 23. hxg4 exf4 24. Bxf4 Nf8 25. Rxd8+ Kxd8 26. Ne4 Ne6 27.
Rd1+ Kc8 28. Nxc5 Nxc5 29. Be3 Nd7 30. Rh1 f6 31. Bd4 fxg5 32. Bxg7 Re8 33. Rh5
Ne5 34. Rxg5 Nf3 35. Rc5+ Kd7 36. Bc3 Nh2 37. g5 Re7 38. Kd2 Ng4 39. Bd4 Rf7
40. Kd3 Kd6 41. b4 b5 42. g6 hxg6 43. Rg5 Rf4 44. Rxg6+ Kd5 45. Rg5+ Kc6 46. c3
Nf2+ 47. Ke3 Rf7 48. Rg2 Nd1+ 49. Kd3 Rf1 50. Re2 Kd5 51. Kc2 Kc4 52. Rd2 a5
53. bxa5 1-0

[Event "20. Open d'escacs de Sants 2018"]
[Site "Barcelona ESP"]
[Date "2018.08.24"]
[Round "8.1"]
[White "VAIBHAV, Suri"]
[Black "DEMCHENKO, Anton"]
[Result "1/2-1/2"]
[WhiteElo "2561"]
[BlackElo "2670"]
[PlyCount "187"]
[EventDate "2018.08.17"]
[EventType "swiss"]
[EventRounds "10"]
[EventCountry "ESP"]
[SourceTitle "Ajedrez en Madrid"]
[Source "lmi"]
[SourceDate "2018.08.17"]
[SourceVersion "1"]
[SourceVersionDate "2019.07.10"]
[SourceQuality "1"]

1. Nf3 Nf6 2. g3 g6 3. b3 Bg7 4. Bb2 d6 5. d4 b5 6. Bg2 Bb7 7. O-O O-O 8. Na3
Qd7 9. c4 bxc4 10. Nxc4 a5 11. Rc1 Qb5 12. a4 Qa6 13. Re1 Nbd7 14. Nfd2 Bxg2
15. Kxg2 Nd5 16. e4 Nb4 17. Qe2 c6 18. Nf3 d5 19. exd5 cxd5 20. Ne3 Nd3 21.
Nxd5 Nxe1+ 22. Qxe1 Qb7 23. Nxe7+ Kh8 24. Bc3 Qxb3 25. d5 Bxc3 26. Rxc3 Qb4 27.
Ne5 Qd6 28. N5c6 f6 29. Re3 Rf7 30. Re6 Qc5 31. h4 Raf8 32. Qe4 Rg7 33. Qe2 Qa3
34. h5 gxh5 35. Qxh5 Qxa4 36. Qh6 Qg4 37. Qe3 Qg5 38. Qd4 Ra8 39. Re1 a4 40.
Qb4 Ne5 41. Nxe5 fxe5 42. d6 Rf8 43. Kg1 Qf6 44. Qc5 a3 45. Ra1 Rgf7 46. Nc6
Rd7 47. Nxe5 Rxd6 48. f4 Rd2 49. Rxa3 Rb8 50. Ra1 Qg7 51. Qc3 Rdb2 52. Qxb2
Rxb2 53. Ra8+ Qg8 54. Rxg8+ Kxg8 55. Ng4 Kg7 56. Nf2 Kf6 57. Kg2 Kf5 58. Kg1
Rb3 59. Kg2 Ra3 60. Kh3 Ra2 61. Kg2 h5 62. Kf3 Ra3+ 63. Kg2 Rb3 64. Kh3 Rf3 65.
Kg2 Ra3 66. Kh3 Ra2 67. Nd3 h4 68. Ne1 hxg3 69. Kxg3 Ra3+ 70. Kf2 Kxf4 71. Ng2+
Ke4 72. Nh4 Rh3 73. Ng2 Rf3+ 74. Ke2 Rf8 75. Ne1 Ra8 76. Kd2 Ra3 77. Nc2 Rd3+
78. Ke2 Rd7 79. Ne1 Rd8 80. Nf3 Re8 81. Ne1 Kd4+ 82. Kd2 Rh8 83. Nc2+ Ke4 84.
Kc3 Rh2 85. Nb4 Rh3+ 86. Kc4 Rh8 87. Kc3 Rc8+ 88. Kd2 Rc7 89. Nc2 Kd5 90. Kd3
Kc5 91. Ne3 Rh7 92. Ke4 Re7+ 93. Kd3 Rxe3+ 94. Kxe3 1/2-1/2

[Event "20. Open d'escacs de Sants 2018"]
[Site "Barcelona ESP"]
[Date "2018.08.24"]
[Round "8.2"]
[White "PERALTA, Fernando"]
[Black "ILLESCAS CORDOBA, Miguel"]
[Result "1/2-1/2"]
[WhiteElo "2556"]
[BlackElo "2605"]
[PlyCount "80"]
[EventDate "2018.08.17"]
[EventType "swiss"]
[EventRounds "10"]
[EventCountry "ESP"]
[SourceTitle "Ajedrez en Madrid"]
[Source "lmi"]
[SourceDate "2018.08.17"]
[SourceVersion "1"]
[SourceVersionDate "2019.07.10"]
[SourceQuality "1"]

1. d4 d5 2. c4 dxc4 3. Nf3 Nf6 4. e3 e6 5. Bxc4 a6 6. O-O c5 7. a4 Nc6 8. Qe2
Qc7 9. Rd1 Bd6 10. dxc5 Bxc5 11. b3 b6 12. Bb2 Bb7 13. Nbd2 O-O 14. Rac1 Rfd8
15. Bd3 Qe7 16. h3 h6 17. Nc4 Nb4 18. Bb1 Rxd1+ 19. Rxd1 Rd8 20. Nfe5 Rxd1+ 21.
Qxd1 Qc7 22. Nd3 Nxd3 23. Qxd3 Be4 24. Qd1 Bxb1 25. Qxb1 Nd5 26. Qd3 Bf8 27.
Ne5 Ba3 28. Bd4 Bd6 29. Nc4 Bf8 30. Be5 Qc5 31. Bd4 Qb4 32. Kf1 b5 33. axb5
Qxb5 34. Kg1 Nb4 35. Qd1 Qd5 36. Qb1 Nc6 37. Bc3 Bb4 38. Bb2 Bf8 39. Bc3 Bb4
40. Bb2 Bf8 1/2-1/2

[Event "20. Open d'escacs de Sants 2018"]
[Site "Barcelona ESP"]
[Date "2018.08.24"]
[Round "8.3"]
[White "SWIERCZ, Dariusz"]
[Black "DIERMAIR, Andreas"]
[Result "1-0"]
[WhiteElo "2669"]
[BlackElo "2501"]
[PlyCount "101"]
[EventDate "2018.08.17"]
[EventType "swiss"]
[EventRounds "10"]
[EventCountry "ESP"]
[SourceTitle "Ajedrez en Madrid"]
[Source "lmi"]
[SourceDate "2018.08.17"]
[SourceVersion "1"]
[SourceVersionDate "2019.07.10"]
[SourceQuality "1"]

1. d4 Nf6 2. c4 e6 3. g3 d5 4. Bg2 dxc4 5. Nf3 Bb4+ 6. Bd2 a5 7. a3 Be7 8. Qa4+
Nbd7 9. Qxc4 c5 10. Nc3 O-O 11. dxc5 Nxc5 12. Ne5 Nfd7 13. Bf4 Qb6 14. O-O Nxe5
15. Bxe5 Bd7 16. b4 axb4 17. axb4 Na4 18. Qg4 f6 19. Nd5 Qd8 20. Bc7 Qe8 21.
Nxe7+ Qxe7 22. Qd4 Bb5 23. Rfc1 Rac8 24. Ba5 Kh8 25. Rxc8 Rxc8 26. Qa7 Nc3 27.
Qxb7 Nxe2+ 28. Kh1 Qe8 29. Bb6 Kg8 30. Bc5 Bc6 31. Bxc6 Qxc6+ 32. Qxc6 Rxc6 33.
Ra3 e5 34. Kg2 Nd4 35. Bxd4 exd4 36. Kf3 Rc2 37. Rb3 d3 38. b5 d2 39. Ke2 Kf7
40. b6 Rc8 41. Kxd2 Ke6 42. Ke3 Kd6 43. b7 Rb8 44. Ke4 Re8+ 45. Kf5 Rb8 46. h4
Ke7 47. h5 Kf7 48. Rb6 g6+ 49. hxg6+ hxg6+ 50. Ke4 Ke7 51. Kd5 1-0

[Event "20. Open d'escacs de Sants 2018"]
[Site "Barcelona ESP"]
[Date "2018.08.24"]
[Round "8.4"]
[White "VETOSHKO, Volodymyr"]
[Black "NISIPEANU, Liviu-Dieter"]
[Result "1/2-1/2"]
[WhiteElo "2525"]
[BlackElo "2657"]
[PlyCount "25"]
[EventDate "2018.08.17"]
[EventType "swiss"]
[EventRounds "10"]
[EventCountry "ESP"]
[SourceTitle "Ajedrez en Madrid"]
[Source "lmi"]
[SourceDate "2018.08.17"]
[SourceVersion "1"]
[SourceVersionDate "2019.07.10"]
[SourceQuality "1"]

1. d4 Nf6 2. c4 e6 3. g3 d5 4. Bg2 Bb4+ 5. Bd2 Bd6 6. Nc3 O-O 7. Nf3 Nbd7 8.
Qc2 c6 9. O-O dxc4 10. Rfd1 Qe7 11. Bg5 h6 12. Bxf6 Nxf6 13. Nd2 1/2-1/2

[Event "20. Open d'escacs de Sants 2018"]
[Site "Barcelona ESP"]
[Date "2018.08.24"]
[Round "8.5"]
[White "GLEDURA, Benjamin"]
[Black "ZANAN, Evgeny"]
[Result "1-0"]
[WhiteElo "2626"]
[BlackElo "2512"]
[PlyCount "105"]
[EventDate "2018.08.17"]
[EventType "swiss"]
[EventRounds "10"]
[EventCountry "ESP"]
[SourceTitle "Ajedrez en Madrid"]
[Source "lmi"]
[SourceDate "2018.08.17"]
[SourceVersion "1"]
[SourceVersionDate "2019.07.10"]
[SourceQuality "1"]

1. d4 Nf6 2. c4 e6 3. Nf3 d5 4. g3 Be7 5. Bg2 O-O 6. O-O dxc4 7. Qc2 b6 8. Bg5
Nd5 9. Bxe7 Qxe7 10. Nbd2 b5 11. b3 cxb3 12. Nxb3 a5 13. Rfc1 a4 14. Nc5 c6 15.
Ne5 f6 16. Ned3 Rd8 17. e3 Ra7 18. a3 Nd7 19. Qa2 Nxc5 20. Rxc5 Bd7 21. Rac1
Be8 22. Qb2 Qd6 23. Nb4 Nxb4 24. Qxb4 Re7 25. Qb2 Rc7 26. f4 Rb8 27. Be4 Rb6
28. Qc2 g6 29. Qc3 Ra7 30. h4 Kg7 31. g4 Re7 32. g5 e5 33. dxe5 fxe5 34. Bf3
Kg8 35. Rd1 Qb8 36. Rxe5 b4 37. axb4 Rxe5 38. fxe5 Rxb4 39. Bxc6 Bf7 40. Bd5
Bxd5 41. Rxd5 Rg4+ 42. Kh2 Rxh4+ 43. Kg3 Rh5 44. Kg4 h6 45. e6 hxg5 46. e7 Rh4+
47. Kf3 Rh3+ 48. Ke2 Rh2+ 49. Kd3 Qb1+ 50. Kd4 Rh4+ 51. Kc5 Re4 52. Rd8+ Kf7
53. Rf8+ 1-0

[Event "20. Open d'escacs de Sants 2018"]
[Site "Barcelona ESP"]
[Date "2018.08.24"]
[Round "8.6"]
[White "PETROV, Nikita"]
[Black "CUARTAS, Jaime Alexander"]
[Result "1/2-1/2"]
[WhiteElo "2591"]
[BlackElo "2499"]
[PlyCount "47"]
[EventDate "2018.08.17"]
[EventType "swiss"]
[EventRounds "10"]
[EventCountry "ESP"]
[SourceTitle "Ajedrez en Madrid"]
[Source "lmi"]
[SourceDate "2018.08.17"]
[SourceVersion "1"]
[SourceVersionDate "2019.07.10"]
[SourceQuality "1"]

1. Nf3 d5 2. d4 c6 3. Bf4 Nf6 4. e3 Bg4 5. Nbd2 e6 6. h3 Bxf3 7. Nxf3 Bd6 8.
Bd3 Qc7 9. Bxd6 Qxd6 10. O-O Nbd7 11. c4 e5 12. dxe5 Nxe5 13. Nxe5 Qxe5 14.
cxd5 Nxd5 15. Qb3 Qe7 16. Rad1 O-O 17. Bb1 Rfd8 18. Rd4 g6 19. Rfd1 Nf6 20. Bc2
Rxd4 21. Rxd4 Rc8 22. Qa4 c5 23. Rd1 b6 24. Bb3 1/2-1/2